Normale Ansicht MARC-Ansicht ISBD

Vospominanija i razmyšlenija o sebe i svoem vremeni (Titelsatznr. 49860)

[ MARC ]
MARC-Details
000 -Satzkennung
Kontrollfeld mit fester Länge 00495nam a22001811c 4500
001 - Kontrollnummer
Kontrollfeld a987672696
008 - Feld mit fester Länge zur physischen Beschreibung - Allgemeine Angaben
Kontrollfeld mit fester Länge 140514s2013 gw |||| 000u rus d
020 ## - Internationale Standardbuchnummer
Internationale Standardbuchnummer 9785950610035
Verknüpfung 978-5-9506-1003-5
041 ## - Sprachcode
Sprachcode des Textes/der Tonspur oder des separaten Titels rus
040 ## - Katalogisierungsquelle
Übertragungsstelle RU-10907106
003 - Kontrollnummer Identifier
Kontrollfeld RU-10907106
100 1# - Haupteintragung - Personenname
Personenname Belovinskij, Leonid V.
245 00 - Titel
Titel Vospominanija i razmyšlenija o sebe i svoem vremeni
264 ## - Produktion, Veröffentlichung, Distribution, Herstellung und Urheberrechtsvermerk
Herstellungs-, Veröffentlichungs- Vertriebs-, Erzeugungsort Moskva :
Produzent, Herausgeber, Distributor, Hersteller Ekon-inform,
Datum der Herstellung, der Veröffentlichung, des Vertriebs oder des Urheberschutzvermerks 2013
300 ## - Physische Beschreibung
Umfang 661 S.
600 #0 - Nebeneintragung unter einem Schlagwort - Personenname
Personenname Belovinskij, Leonid Vasil'evič
942 ## - Zusätzliche Felder (Koha)
Koha-Medientyp Monographien
Exemplare
Ausgeschieden Verloren Klassifikation oder Aufstellungssystematik Beschädigt Nicht entleihbar Heimatbibliothek Aufenthaltsbibliothek Aufstellungsort Erwerbungsdatum Inventarnummer Signatur Barcode Letzte Aktivität Preis gültig von Koha-Medientyp
    Andere/Generische Klassifikation     MWN Osteuropa MWN Osteuropa Lesesaal 14/05/2014 14-01107 G 40 aR +Bel E004015079099B83 23/02/2021 22/03/2021 Monographien